| Tag |
First Indicator |
Second Indicator |
Subfields |
| LEADER |
00000cam a2200000 4500 |
| 001 |
in00000082706 |
| 005 |
20151008053107.0 |
| 008 |
721222s1966 ohu b 00000 eng u |
| 010 |
|
|
|a 66021870
|
| 035 |
|
|
|a (OCoLC)00523345
|
| 035 |
|
|
|9 AAH6181AM
|
| 040 |
|
|
|c WSU
|d TXA
|d UtOrBLW
|
| 049 |
|
|
|a TXAM
|c [476338]
|
| 050 |
|
0 |
|a LB1585
|b .C28 1966
|
| 090 |
|
|
|a LB1585
|b .C266 1966
|
| 092 |
|
|
|a 372.35
|b C277d, 1966
|
| 100 |
1 |
|
|a Carin, Arthur A.
|
| 245 |
1 |
0 |
|a Discovery teaching in science /
|c [by] Arthur Carin [and] Robert B. Sund.
|
| 264 |
|
1 |
|a Columbus, Ohio :
|b C.E. Merrill Books,
|c [1966]
|
| 300 |
|
|
|a x, 180 pages
|
| 336 |
|
|
|a text
|b txt
|2 rdacontent
|
| 337 |
|
|
|a unmediated
|b n
|2 rdamedia
|
| 338 |
|
|
|a volume
|b nc
|2 rdacarrier
|
| 504 |
|
|
|a Includes bibliographies.
|
| 650 |
|
0 |
|a Science
|x Study and teaching (Elementary)
|
| 700 |
1 |
|
|a Sund, Robert B.
|
| 999 |
|
|
|a MARS
|
| 999 |
f |
f |
|s eeabaf42-0139-391e-8681-9d4ca90c80a0
|i 5ffe2432-424d-3314-b044-e90aa1281267
|t 0
|
| 952 |
f |
f |
|p normal
|a Texas A&M University
|b College Station
|c Sterling C. Evans Library
|d Evans: Library Stacks
|t 0
|e LB1585 .C266 1966
|h Library of Congress classification
|i unmediated -- volume
|m A14800850088
|
| 998 |
f |
f |
|a LB1585 .C266 1966
|t 0
|l Evans: Library Stacks
|